000 00659nam a2200229 a 4500
999 _c833
_d833
001 833
003 BD-JhCC
005 20171010181102.0
008 171010s2003 bg |||| |||| 00| 0 ben d
020 _a9847761760
035 _a(BD-JhCC)833
040 _aBD-JhCC
_dBD-JhCC
041 _aben
082 _a891.4435
_bSAR 2003
100 _aসরকার, মঞ্জু
245 _aনির্বাচিত গল্প /
_cমঞ্জু সরকার
260 _aঢাকাঃ
_bঐতিিহ্য প্রকাশনী,
_c2003
300 _a415 p. :
_c22 cm.
650 _aShort Stories Bengali
942 _2ddc
_cBK